=LDR 00000nam 2200000 4500 =001 INLIS000000000020808 =005 20130612115729 =008 ***********************************Ind** =035 ##$$0010-061300000020808 =041 ##$$a Ind =090 ##$$a 633.88, Ton m =100 ##$$a Tony,Hendry =245 ##$$a Mengkudu khasiat dan peluang usahanya, Hendry Tony =260 ##$$a 2003 $b Semarang =300 ##$$a v,53 hlm., ilus., 21 cm =650 ##$$a Tanaman obat =850 ##$$a NBPNMAT